| 000 | 00549nam a2200217Ia 4500 | ||
|---|---|---|---|
| 008 | 180523s9999 xx 000 0 und d | ||
| 020 | _a0-07-121479-8 | ||
| 050 | _aMAIN HD 58.7 | ||
| 050 | _b.K74 2004 c.3 | ||
| 100 | _aKreitner, Robert. | ||
| 245 | 0 | _aOrganizational behavior / | |
| 245 | 0 | _cRobert Kreitner. | |
| 260 | _aNew York : | ||
| 260 | _bMcGraw-Hill, | ||
| 260 | _c2004 | ||
| 300 | _a123 pages : | ||
| 300 | _bcolored illustrations ; | ||
| 300 | _c25 cm. | ||
| 500 | _aIncludes index. | ||
| 650 | _aOrganizational behavior. | ||
| 999 |
_c356915 _d356915 |
||